000 00683nam a2200145Ia 4500
008 100204s9999 xx 000 0 und d
082 _b19302
100 _aपगडी सेतुमाधवराव
245 _aमोगल दरबारची बातमीपत्रे खंड 2
260 _b"महाराष्ट्र राज्य साहित्य आणि संस्कृती मंडळ, मुंबई"
_c1983
300 _a376
630 _aमोगल दरबारची बातमीपत्रे खंड 2
730 _aमोगल दरबारची बातमीपत्रे खंड 2
942 _cBOOK
999 _c463724
_d463721